Pliego de condiciones facultativas que regirán en los contratos de las obras de explanación / Compañía de los ferrocarriles de Tarragona a Barcelona y Francia
Descripción Física:
22 p. ; 23 cm
MARC
| LEADER | 00000nam a2200000Ia 4500 | ||
|---|---|---|---|
| 001 | 18489 | ||
| 008 | 160829s1887 xx 000 0 cat d | ||
| 080 | |a RF-3-11 | ||
| 245 | |a Pliego de condiciones facultativas que regirán en los contratos de las obras de explanación / Compañía de los ferrocarriles de Tarragona a Barcelona y Francia | ||
| 260 | |a Barcelona : |b Imprenta Barcelonesa, |c 1887 | ||
| 300 | |a 22 p. ; |c 23 cm | ||
| 590 | |a A la portada: Servicio de la construcción | ||
| 650 | |a Construcció |x Contractes |9 40029 | ||
| 650 | |a Ferrocarrils |x Topografia |9 40028 | ||
| 856 | 4 | |u https://media.diba.cat/diba/fitxers/arxiu/fulletons/bib_18489_1887_baixa.pdf |y Accés lliure | |
| 856 | 4 | |u https://media.diba.cat/diba/fitxers/arxiu/fulletons/bib_18489_1887_baixa.pdf |y Accés lliure | |
| 901 | |a Arxiu | ||
| 942 | |n 1 |2 udc | ||
| 952 | |0 0 |1 0 |4 0 |6 RF311 |7 1 |9 49376 |a Arxiu |b Arxiu |d 2016-12-01 |l 0 |o RF-3-11 |p 18489 |r 2016-12-01 00:00:00 |w 2016-12-01 |y ARXIU | ||
| 999 | |c 53218 |d 53218 | ||
| 900 | |a bib_18489_1887_baixa.pdf | ||